<?xml version="1.0" encoding="UTF-8"?>
<collection xmlns="http://www.loc.gov/MARC21/slim">
    <record>
        <controlfield tag="001">6189</controlfield>
        <controlfield tag="005">20190219123701.0</controlfield>
        <datafield tag="020" ind1=" " ind2=" ">
            <subfield code="a">978-84-694-7164-7</subfield>
            <subfield code="a">978-84-694-7164-7</subfield>
        </datafield>
        <datafield tag="037" ind1=" " ind2=" ">
            <subfield code="a">TESIS-2011-042</subfield>
        </datafield>
        <datafield tag="041" ind1=" " ind2=" ">
            <subfield code="a">eng</subfield>
        </datafield>
        <datafield tag="100" ind1="1" ind2=" ">
            <subfield code="a">López Moreno, Jorge Félix</subfield>
        </datafield>
        <datafield tag="245" ind1="0" ind2="0">
            <subfield code="a">Perception based image editing</subfield>
        </datafield>
        <datafield tag="260" ind1=" " ind2=" ">
            <subfield code="a">Zaragoza</subfield>
            <subfield code="b">Universidad de Zaragoza</subfield>
            <subfield code="c">2011</subfield>
        </datafield>
        <datafield tag="300" ind1=" " ind2=" ">
            <subfield code="a">220</subfield>
        </datafield>
        <datafield tag="500" ind1=" " ind2=" ">
            <subfield code="a">Presentado:  08 04 2011</subfield>
        </datafield>
        <datafield tag="502" ind1=" " ind2=" ">
            <subfield code="a">Tesis-Univ. Zaragoza</subfield>
            <subfield code="b">Zaragoza, Universidad de Zaragoza</subfield>
            <subfield code="c">2011</subfield>
        </datafield>
        <datafield tag="506" ind1=" " ind2=" ">
            <subfield code="a">by-nc-nd</subfield>
            <subfield code="b">Creative Commons</subfield>
            <subfield code="c">3.0</subfield>
            <subfield code="u">https://creativecommons.org/licenses/by-nc-nd/3.0/</subfield>
        </datafield>
        <datafield tag="520" ind1=" " ind2=" ">
            <subfield code="a">A lo largo de los últimos años, las técnicas de edición y post-proceso de imagen han madurado hasta el  punto en que es muy difícil, si no imposible, detectar si una imagen has sido mejorada o modificada  digitalmente. A pesar de su avance,  actualmente este tipo de manipulaciones todavía requieren una gran  cantidad de tiempo,  destreza y amplios conocimientos técnicos y artísticos.  En esta tesis, presentamos nuestro trabajo en edición avanzada de imágenes. Trabajo que extiende el  abanico de herramientas actuales mediante el estudio de las limitaciones del sistema visual humano,  extrayendo dimensiones de información (como profundidad o textura) que de otra manera, serían  inabordables como problema inverso.  Nuestro  trabajo se fundamenta en dos pilares:  - La edición multimensional. Partiendo de una imagen bidimensional, mediante diversos algoritmos  extraemos niveles de información extra  que nos permiten realizar ediciones en un espacio  multidimensional para generar resultados bidimensionales.  Así por ejemplo, para reiluminar un  imagen extraemos la profundidad y la textura, calculamos las interacciones en 3D y generamos  una imagen bidimensional como resultado.  - El estudio de los límites de la percepción y la validación perceptual de resultados.  Nuestros  algoritmos serán diseñados teniendo en cuenta los conocimientos actuales acerca del  funcionamiento y limitaciones de la percepción humana, llegando a aportar nuestros propios  estudios al campo en lo referente a la percepción de inconsistencias lumínicas.  Por otro lado, al  trabajar en espacio perceptual, nuestros resultados serán validados mediante pruebas  psicofísicas objetivables, comparándonos con métodos que disponen de información perfecta  cuando ello sea posible.  A lo largo de la tesis presentamos una propuesta de esquema para el  procesado multimensional de  imágenes, para el que se han diseñado cuatro nuevos algoritmos destinados a la obtención de  información a partir de una sola imagen,  así como el desarrollo de cinco técnicas de edición basadas en  dicho esquema.  </subfield>
        </datafield>
        <datafield tag="653" ind1="1" ind2=" ">
            <subfield code="a">tratamiento dicgital de imágenes</subfield>
        </datafield>
        <datafield tag="653" ind1="1" ind2=" ">
            <subfield code="a">visión artificial</subfield>
        </datafield>
        <datafield tag="653" ind1="1" ind2=" ">
            <subfield code="a">digital image processing</subfield>
        </datafield>
        <datafield tag="653" ind1="1" ind2=" ">
            <subfield code="a">artificial image</subfield>
        </datafield>
        <datafield tag="700" ind1=" " ind2=" ">
            <subfield code="a">Gutiérrez Pérez, Diego</subfield>
            <subfield code="e">dir.</subfield>
        </datafield>
        <datafield tag="700" ind1=" " ind2=" ">
            <subfield code="a">Reinhard, Erik</subfield>
            <subfield code="e">dir.</subfield>
        </datafield>
        <datafield tag="710" ind1="2" ind2=" ">
            <subfield code="a">Universidad de Zaragoza</subfield>
            <subfield code="b">Informática e Ingeniería de Sistemas</subfield>
        </datafield>
        <datafield tag="856" ind1="0" ind2=" ">
            <subfield code="f">zaguan@unizar.es</subfield>
        </datafield>
        <datafield tag="856" ind1="4" ind2=" ">
            <subfield code="s">114507142</subfield>
            <subfield code="u">http://zaguan.unizar.es/record/6189/files/TUZ_0215_lopez_image.pdf</subfield>
        </datafield>
        <datafield tag="856" ind1="4" ind2=" ">
            <subfield code="s">12578</subfield>
            <subfield code="u">http://zaguan.unizar.es/record/6189/files/TESIS-2011-042.pdf</subfield>
            <subfield code="z">Texto completo (eng)</subfield>
        </datafield>
        <datafield tag="909" ind1="C" ind2="O">
            <subfield code="o">oai:zaguan.unizar.es:6189</subfield>
        </datafield>
        <datafield tag="909" ind1="c" ind2="o">
            <subfield code="p">tesis</subfield>
        </datafield>
        <datafield tag="909" ind1="C" ind2="O">
            <subfield code="p">driver</subfield>
        </datafield>
        <datafield tag="910" ind1="2" ind2=" ">
            <subfield code="a">Ciencia de la computación e inteligencia artificial</subfield>
            <subfield code="b">Informática e Ingeniería de Sistemas</subfield>
        </datafield>
        <datafield tag="980" ind1=" " ind2=" ">
            <subfield code="a">TESIS</subfield>
        </datafield>
    </record>

    
</collection>